[Event "Antalya-ch"]
[Site "Antalya"]
[Date "2014.11.23"]
[Round "7"]
[White "Avci, Adem"]
[Black "Cetin, Selcuk"]
[Result "1-0"]
[WhiteElo "1895"]
[BlackElo "1688"]
[PlyCount "99"]
[EventDate "2014.11.15"]
[EventType "swiss"]
[EventRounds "7"]
[EventCountry "TUR"]
[SourceTitle "EXT 2016"]
[Source "ChessBase"]
[SourceDate "2015.10.08"]
[SourceVersion "1"]
[SourceVersionDate "2015.10.08"]
[SourceQuality "1"]

1. d4 Nf6 2. c4 e5 3. e3 exd4 4. exd4 d5 5. Nf3 Bb4+ 6. Bd2 Bxd2+ 7. Nbxd2 0-0 8. Be2 c6 9. 0-0 Bf5 10. b4 dxc4 11. Nxc4 Nd5 12. Qd2 Qe7 13. a3 Nd7 14. Rfe1 Qf6 15. Nfe5 N5b6 16. Na5 Rab8 17. Bf3 Qd6 18. Qf4 Be6 19. Rad1 Bd5 20. Bxd5 Nxd5 21. Qg3 f6 22. Nxd7 Qxd7 23. Re4 Rbe8 24. Rh4 Rf7 25. Nc4 Rfe7 26. h3 Re1+ 27. Rxe1 Rxe1+ 28. Kh2 Qc7 29. Qxc7 Nxc7 30. Na5 Ra1 31. Re4 Nd5 32. Re8+ Kf7 33. Rb8 Rxa3 34. Rxb7+ Kg6 35. Nxc6 Ra4 36. b5 a6 37. b6 Rc4 38. Rxg7+ Kxg7 39. b7 Rxc6 40. b8Q Kf7 41. h4 Ne7 42. h5 a5 43. Qb5 Rd6 44. Qxa5 Rxd4 45. Qa2+ Kg7 46. Qe6 Nd5 47. g3 Rd2 48. Qf5 Ne3 49. h6+ Kg8 50. Qe6+ 1-0

[Event "Antalya-ch"]
[Site "Antalya"]
[Date "2014.11.15"]
[Round "2"]
[White "Cetin, Selcuk"]
[Black "Reyhan, Zeynel"]
[Result "1/2-1/2"]
[WhiteElo "1688"]
[BlackElo "1759"]
[PlyCount "69"]
[EventDate "2014.11.15"]
[EventType "swiss"]
[EventRounds "7"]
[EventCountry "TUR"]
[SourceTitle "EXT 2016"]
[Source "ChessBase"]
[SourceDate "2015.10.08"]
[SourceVersion "1"]
[SourceVersionDate "2015.10.08"]
[SourceQuality "1"]

1. c4 e5 2. g3 Nf6 3. Nc3 Bb4 4. Bg2 Bxc3 5. dxc3 0-0 6. e4 d6 7. Ne2 Be6 8. Qd3 Nbd7 9. b3 a5 10. a4 Nc5 11. Qc2 Qc8 12. h3 Bd7 13. Bg5 Qd8 14. g4 h6 15. Be3 Ne6 16. f3 Nh7 17. 0-0-0 Qe7 18. h4 Rfd8 19. Qd2 Nc5 20. Kb2 Ra6 21. Ka2 Raa8 22. Ng3 Qe6 23. Bf1 Bc6 24. g5 h5 25. Nxh5 Bxe4 26. fxe4 Nxe4 27. Qe1 Qg4 28. Bd3 Qxd1 29. Qxd1 Nxc3+ 30. Kb2 Nxd1+ 31. Rxd1 Nf8 32. Ng3 g6 33. Be4 Rab8 34. Ba7 Ra8 35. Bf2 1/2-1/2